| 000 | 01148cab a2200313 4500 | ||
|---|---|---|---|
| 001 | ABS58902 | ||
| 008 | 090401t1998 xxu||||| |||| 00| 0 eng d | ||
| 035 | _a(Sirsi) u87083 | ||
| 041 | _aeng | ||
| 100 | _aWignall, G. | ||
| 245 | _aHandling boundary actions: right of way | ||
| 260 | _c1998 | ||
| 350 | _a0 | ||
| 490 |
_aSolicitors` Journal _v142(23) 12 June 1998, 544-545(2) |
||
| 520 | _aDiscusses two typical types of disputes concerning rights of way, between owners of neighbouring land. Comments on case which involved both the creation of a new access point to a right of way and the conversion of property into new accommodation. | ||
| 650 | _aACCESS | ||
| 650 |
_aBoundary disputes _96221 |
||
| 650 | _aEXCESSIVE USE | ||
| 650 | _aEXPRESS GRANT | ||
| 650 | _aGILES V COUNTY BUILDING CONSTRUCTION LTD | ||
| 650 | _aMILNER`S SAFE CO LTD V GREAT NORTHERN AND CITY RAILWAY | ||
| 650 | _aRIGHT OF ACCESS | ||
| 650 | _aRIGHTS OF WAY | ||
| 650 | _aSOUTH METROPOLITAN CEMETRY CO V EDEN | ||
| 650 | _aST EDMUNDSBURY AND IPSWICH DIOCESAN BOARD OF FINANCE V CLARKE | ||
| 690 | _aLAND | ||
| 942 | _n0 | ||
| 948 | _c29/06/1998 | ||
| 999 |
_c54878 _d54878 |
||